Free energy and self-interacting particles
Αποθηκεύτηκε σε:
| Κύριος συγγραφέας: | |
|---|---|
| Μορφή: | Βιβλίο |
| Γλώσσα: | English |
| Δημοσίευση: |
Boston :
c2005
|
| Σειρά: | Progress in nonlinear differential equations and their applications ;
; 62 |
| Θέματα: | |
| Ετικέτες: |
Προσθήκη ετικέτας
Δεν υπάρχουν, Καταχωρήστε ετικέτα πρώτοι!
|
MARC
| LEADER | 00000nam a2200000 i 4500 | ||
|---|---|---|---|
| 001 | 1/100469 | ||
| 008 | 090202s2005 eng d | ||
| 020 | |a 0-8176-4302-8 | ||
| 035 | |l 10102869 | ||
| 040 | |a GR-MY-UA |b gre |e aacr | ||
| 041 | 0 | |a eng | |
| 082 | 0 | |a 515.3534 |2 (22) | |
| 100 | 1 | |a Suzuki, Takashi |d 1953- | |
| 245 | 1 | 0 | |a Free energy and self-interacting particles / |c Takashi Suzuki |
| 260 | |a Boston : |c c2005 | ||
| 300 | |a xiii, 366 σ.; |b εικ.; |c 25 εκ. | ||
| 490 | 1 | |a Progress in nonlinear differential equations and their applications |v ; 62 | |
| 504 | |a Περιέχει βιβλιογραφία (σ. 345-366) και ευρετήριο | ||
| 650 | 0 | 0 | |a Differential equations, Parabolic. |
| 650 | 0 | 0 | |a Differential equations, Partial. |
| 650 | 0 | 0 | |a Lattice dynamics. |
| 650 | 0 | 0 | |a Geometry, Differential. |
| 650 | 0 | 0 | |a Biomathematics. |
| 650 | 0 | 0 | |a Statistical mechanics. |
| 650 | 0 | 0 | |a Chemical kinetics. |
| 830 | 0 | |a Progress in nonlinear differential equations and their applications ; |v ; 62 | |
| 852 | |a INST |b SAMOS |e 20090202 |h 515.3534 SUZ |p 005300029479 |q 005300029479 |t BK |y 0 | ||
| 901 | |a BIBL3-2009-1 | ||
| 909 | |a Σ |b 155491 | ||
| 922 | |a 3ΕΛΗ |b 200808 |c ΕΠΕΑΕΚ2/ΤΜΗΜΑ ΜΑΘΗΜΑΤΙΚΩΝ-ΠΡΟΠΤΥΧΙΑΚΟ |d ΜΙΧΑΛΟΠΟΥΛΟΣ | ||
| 970 | |a ΣΙΤΖΙΜΗ |b ΓΙΑΣΕΜΗ |z 2009/02/02 | ||